000 00671nam a2200205 i 4500
001 39283
003 ES-MaACL
005 20250817062548.0
007 t|
008 030227s1981 sp ||||1| spa d
100 1 _aCalle García, Consuelo.
_933703
245 1 0 _aPapel modulador de los glucocorticoides en la población de receptores para insulina y glucagón /
_cConsuleo Calle García.
260 _aMadrid :
_bFundación Juan March,
_c[1981]
300 _a36 p. ;
_c21 cm.
490 1 _aSerie universitaria
710 2 _aFundación Juan March
_94346
830 0 _aSerie universitaria
_9180747
852 _aES-MaACL
_j2117-F-15
_bR.101916
999 _c39283
_d39283